书目信息 |
| 题名: |
银幕的造型世界
|
|
| 作者: | 查希里扬 | |
| 分册: | ||
| 出版信息: | 北京 中国电影出版社 1987 |
|
| 页数: | 234 | |
| 开本: | 20cm | |
| 丛书名: | ||
| 单 册: | ||
| 中图分类: | J906 | |
| 科图分类: | ||
| 主题词: | 电影 , 电视--艺术 | |
| 电子资源: | ||
| ISBN: | 7-106-00035-3 | |
| 000 | 00545nam0 2200205 450 | |
| 001 | 0739037328 | |
| 005 | 20070817105037.32 | |
| 010 | @a7-106-00035-3@d¥1.90 | |
| 100 | @a20070817d km y0chiy0120 ea | |
| 101 | 0 | @achi |
| 200 | 1 | @a银幕的造型世界@Ayin mu de zao xing shi jie@f查希里扬@Fcha xi li yang |
| 205 | @a2版 | |
| 210 | @a北京@c中国电影出版社@d1987 | |
| 215 | @a234@d20cm | |
| 606 | 0 | @a电影 |
| 606 | 0 | @a电视@x艺术 |
| 690 | @aJ906@v3 | |
| 701 | 0 | @a查希里扬@Acha xi li yang |
| 801 | 0 | @aCN@bPFT@c20070817 |
| 905 | @a213230@dJ906@eM34 | |
| 银幕的造型世界/查希里扬.-2版.-北京:中国电影出版社,1987 |
| 234;20cm |
| ISBN 7-106-00035-3:¥1.90 |
| ● |
| 相关链接 |
|
|
|
|
正题名:银幕的造型世界
索取号:J906/M34
 
预约/预借
| 序号 | 登录号 | 条形码 | 馆藏地/架位号 | 状态 | 备注 |
| 1 | 6400702 | 264007023 | 密集书库-美术系/ [索取号:J906/M34] | 在馆 |